000 00695nam a2200265Ia 4500
001 Para_1659
003 CHAP
008 220125s1990 xx 000 0 und d
010 _a204561
040 _cCHAP
082 _aPA 589.222 D5
100 _aDiego Calonge, Francisco de
_932510
245 _aSetas (hongos) :
_b guía ilustrada /
_c por Francisco de Diego Calonge
250 _a2a. ren. y ampl.
260 _aMadrid :
_b Mundi-Prensa
300 _a461 p.
650 _aSetas
_9105368
901 _aPA 589.222 D5
902 _aA
905 _a0000001990 a 0000000000 00
910 _a1990
942 _cPARA
942 _cPARA
_d1
999 _c204561
_d204561